Countries from 'G' by Cuisine - Statistics

General Stats
  • This quiz has been taken 20 times
  • The average score is 8 of 11
Answer Stats
Picture Answer % Correct
Germany
100%
Georgia
88%
Greece
88%
Guatemala
76%
Ghana
71%
Guinea
71%
Guinea-Bissau
71%
Guyana
71%
Grenada
65%
Gabon
59%
Gambia
53%
No matching quizzes found
Score Distribution
Percent of People with Each Score
Percentile by Number Answered
Your Score History
You have not taken this quiz